00744nam a2200193 a 4500008004100000020001500041050001600056100001700072245005600089260004500145300002200190350000900212500003900221650002700260700001800287995009600305999001700401952013200418120416s1983 ||||||||||||||||| || u a0316486469 aHF 5718 Kel aKell, Carl L10aLet's talk business: improving communication skills aBoston:bLittle, Brown and Companyc1983 axvii, 269p. : ill a0.00 aIncludes bibliographies and index. 0aBUSINESS COMMUNICATION aCorts, Paul R D0.00FCBU-MAIN LIBRARY (Kitwe)H1I11.95M1UAVAILABLEZMain Library Open Access Collection c49129d49129 00102lcc4070a001b001cMain Library Open Access Collectiond2022-11-30l0oHF 5718 Kelp024891r2022-11-30w2022-11-30y002